| 000 | 00713cam a22002415a 4500 | ||
|---|---|---|---|
| 001 | L154952 | ||
| 008 | 120206s2012 xxko f 000 0 eng d | ||
| 020 | _a9781848062504 | ||
| 035 | _a(Sirsi) u154952 | ||
| 041 | 0 | _aeng | |
| 100 | 1 | _aSuttie, Ed | |
| 245 | 0 | 0 |
_aBio-resins in construction _ba review of current and future developments |
| 260 |
_aWatford _bBRE _c2012 |
||
| 300 |
_a16p. _bill. _c30cm. |
||
| 490 | 0 |
_aBRE Information Paper _v(4/12) |
|
| 520 | _aExplores the uses and challenges of utilising bio-resins for bonding in construction. | ||
| 521 | _aAdvanced | ||
| 590 | _aKA | ||
| 650 | 2 | 4 | _aBIO_RESINS |
| 651 | 4 |
_aUnited Kingdom _y |
|
| 690 | _aBuilding materials and defects | ||
| 942 | _n0 | ||
| 999 |
_c113256 _d113256 |
||